LEADER 01442nam a2200265 i 4500 001 000000210899 003 CaOOAMICUS 005 20200527153626.0 008 120215s1904 it u000 u mul u 013 $a189712 040 $aSeMil$bita 245 10$aLib. 2., Esposizione della dottrina stoica fatta da Lucilio Balbo ; Lib. 3., Confutazione per opera di Aurelio Cotta ; Conclusione e sentenza di M. Tullio. 300 $aVII, 200 p. ;$c21 cm. 490 0 $aCollezione di classici greci e latini con note italiane 490 0 $aCollezione di classici latini e greci 700 0 $aCicero, Marcus Tullius,$d<106-43 a.C.>.$0(OLS)http://semarc/name/659 773 0 $aCicero, Marcus Tullius <106-43 a.C.>$tTre libri De natura deorum.$dTorino : Ermanno Loescher, 1896-1904.$kCollezione di classici greci e latini con note italiane$g2$w()26282 830 0$aCollezione di classici greci e latini con note italiane.$0(OLS)http://semarc/title/8529 830 0$aCollezione di classici latini e greci.$0(OLS)http://semarc/title/26577 850 $aSeMil 852 $aSeMil$W1$xVenegono$y1$m1X II 42/2 FA$j161346$B161346$CSeMilBibl$Z2$F172488 $8I 900 0 $aCicerone, Marco Tullio. 996 $6245$aLib. 2., Esposizione della dottrina stoica fatta da Lucilio Balbo ; Lib. 3., Confutazione per opera di Aurelio Cotta ; Conclusione e sentenza di M. Tullio$9(OLS)http://semarc/title/304715 LEADER 01023nam a2200241 i 4500 001 000000244392 003 CaOOAMICUS 005 20150805000000.0 008 150805s1948 it u000 u ita u 013 $a223297 040 $aSeMil$bita 100 1 $aCeriani, Marco$b.$0(OLS)http://semarc/name/60313 245 10$aStoria di Parabiago :$bvicende e sviluppi dalle origini ad oggi /$cMarco Ceriani. 260 $aMilano :$bUnione Tipografica,$c1948. 300 $a321 p. :$bill. ;$c24 cm. 500 $aContiene : Bibliografia ; Errata Corrige. - Fondo Card. Giovanni Colombo. 650 4$aParabiago.$0(OLS)http://semarc/subject/30233 850 $aSeMil 852 $aSeMil$W1$xVenegono$y1$m3GC V 238$j194738$B194738$CSeMilBibl$Z2$F205255 $8B 941 1 $a3 961 $aLascito: Colombo Card. Giovanni 996 $6245$aStoria di Parabiago :$bvicende e sviluppi dalle origini ad oggi$9(OLS)http://semarc/title/225988 996 $6260$aMilano :$bUnione Tipografica$9(OLS)http://semarc/publisher/34470